Culture générale 24 Juillet 2023 - Statistiques

Statistiques générales
  • Ce quiz a été pris 66 fois
  • Le résultat moyen est 7 sur 13
Statistiques - réponses
Questions Réponses Catégories % Correct
Comment appelle-t-on une personne qui s'est instruit par lui-même ? Autodidacte Société
83%
Quelle est la matière essentielle dans la composition d'un cheveu ? Kératine Science
79%
Les agrumes contiennent un haut niveau de quelle vitamine ? Vitamine C Science
79%
De quelle couleur est l'Absinthe ? Verte Culture
68%
Où trouve-t-on la glande thyroïde dans le corps humain ? Cou Science
67%
Où vivent les wombats ? Australie Nature
62%
Le Dodécanèse est un archipel situé dans quelle mer ? Égée Géographie
62%
Le peintre Joachim Wtewael était originaire de quel pays ? Pays-Bas Culture
56%
Qui a écrit le roman "L'amant", prix Goncourt 1984 ? Marguerite Duras Culture
46%
Quelle étoile semble être stationnaire dans le ciel de l'hémisphère nord ? Polaire Science
40%
Dans quel pays se trouve le château de Coca ? Espagne Culture
22%
Comment s'appelle une cage ou boîte remplie par des pierres ou du béton utilisée en génie civil ? Gabion Science
6%
Quelle est cette plante à fleurs ravissantes sur le haut de la page ? Campanule Nature
2%
Aucun quiz correspondant
Distribution des résultats
% des personnes avec chaque résultat
Percentile par nombre de réponses
Votre historique - résultats
Vous n’avez pas pris ce quiz